000 00505nam a2200157 4500
001 107498
003 ES-MaACL
007 t|
008 061121s1933 sp r ||||1| spa d
100 1 _aMorax, V.
_983171
245 1 0 _aCompendio de oftalmología /
_cpor V. Morax ; versión española de la tercera edición francesa por B.Carreras.
260 _aBarcelona :
_bEditorial Ibérica,
_c1933.
300 _aXX, 928 p. 4lám. ;
_c20.
700 1 _aCarreras, B.
_935649
852 _aES-MaACL
_jE-255
_bR.18876
999 _c107498
_d107498